|
|
|
|
| LEADER |
00925nam a22002657a 4500 |
| 001 |
38858 |
| 003 |
BD-DhAAL |
| 008 |
220615r19661951enk 001 0 eng d |
| 999 |
|
|
|c 44385
|d 44385
|
| 010 |
|
|
|a 51005289
|
| 015 |
|
|
|a GB51-8215
|
| 035 |
|
|
|a (OCoLC)529038
|
| 040 |
|
|
|a DLC
|c OAU
|d Uk
|d DLC
|d BD-DhAAL
|
| 042 |
|
|
|a premarc
|
| 050 |
0 |
0 |
|a Q175
|b .B792
|
| 082 |
|
|
|a 501
|
| 100 |
1 |
|
|a Bronowski, Jacob,
|d 1908-1974.
|9 49377
|
| 245 |
1 |
4 |
|a The common sense of science /
|c Jacob Bronowski
|
| 260 |
|
|
|a London :
|b Penguin Books,
|c 1951 [reprinted 1966].
|
| 300 |
|
|
|a 159 pages ;
|c 19 cm.
|
| 541 |
|
|
|a Donated By Akbar Ali Khan
|e 38858
|
| 650 |
|
0 |
|a Science
|x Philosophy.
|9 49378
|
| 852 |
|
|
|a Ayesha Abed Library
|c Akbar Ali Khan Collection
|
| 942 |
|
|
|2 ddc
|c BK
|
| 952 |
|
|
|0 0
|1 0
|2 ddc
|4 0
|6 501_000000000000000_BRO
|7 1
|9 70915
|a BRACUL
|b BRACUL
|c AAKC
|d 2022-06-15
|e Donated by Akbar Ali Khan
|l 0
|o 501 BRO
|p 3010038858
|r 2022-06-15
|t 1
|w 2022-06-15
|y BK
|